| 000 | 01106nam a2200217 a 4500 | ||
|---|---|---|---|
| 001 | 000017351 | ||
| 005 | 20200929165105.0 | ||
| 008 | 100323s1987 dr r 001 0 spa d | ||
| 040 |
_aDO-SdBNP _bspa _cBNPHU |
||
| 082 |
_a289.94 _bD671c, 1987 |
||
| 100 | 1 |
_aDomínguez, Roberto _938009 |
|
| 245 | 1 | 0 |
_aCultura pentecostal : _brenovación católica carismática / _cRoberto Domínguez. |
| 250 | _a2ª ed. | ||
| 260 |
_aSanto Domingo : _bTaller, _c1987. |
||
| 300 |
_a81 p. ; _c20 cm. |
||
| 505 | 0 |
_tMovimiento Carismático en la Iglesia Católica Romana -- _tLa experiencia pentecostal en los Estados Unidos -- _tReflexiones y teológicas -- _tAlgunas reflexiones personales -- _tParroquia pentecostalista -- _tApóstoles con señales -- _tIncremento de Milagros -- _tSanidades sorprendentes -- _tTendencias ecuménicas -- _tUn poco de historia -- _tAlgunas suposiciones -- _gBibliografía -- _tOraciones y extractos de documentos Concilio Vaticano. |
|
| 590 | _aInventariado, 2018 /VM | ||
| 650 | 4 |
_aIglesia pentecostal _91445 |
|
| 650 | 4 |
_aMovimiento carismático _9666 |
|
| 910 | _aValidado. Control de calidad EMS | ||
| 999 |
_c16876 _d16876 |
||